Internet banking / (Record no. 67436)

MARC details
000 -LEADER
fixed length control field 01039nam a22002417a 4500
005 - DATE AND TIME OF LATEST TRANSACTION
control field 20120604103042.0
008 - FIXED-LENGTH DATA ELEMENTS--GENERAL INFORMATION
fixed length control field 120604t xxu||||| |||| 00| 0 eng d
010 ## - LCCN (DPL NO)
LC control number ENG-105406
020 ## - INTERNATIONAL STANDARD BOOK NUMBER
International Standard Book Number 9789381844038
Terms of availability 750.00
035 ## - SYSTEM CONTROL NUMBER
System control number EN-88939
037 ## - SOURCE OF ACQUISITION
Source of stock number/acquisition DBAD/PUB
040 ## - CATALOGING SOURCE
Original cataloging agency DPL
Language of cataloging Eng
082 ## - DEWEY DECIMAL CLASSIFICATION NUMBER
Classification number 332.1068
100 ## - MAIN ENTRY--PERSONAL NAME
Personal name Ashok Kumar Singh
9 (RLIN) 47698
245 ## - TITLE STATEMENT
Title Internet banking /
Statement of responsibility, etc by Ashok Kumar Singh
260 ## - PUBLICATION, DISTRIBUTION, ETC. (IMPRINT)
Place of publication, distribution, etc Delhi
Name of publisher, distributor, etc Calvin Publication
Date of publication, distribution, etc 2012
270 ## - ADDRESS
Address L-67, First Floor, Gali No.4 , Naveen Shahadra
City Delhi
Postal code 110032
300 ## - PHYSICAL DESCRIPTION
Extent viii,256p.
Dimensions 23cm(Hb)
500 ## - GENERAL NOTE
General note Includes index
500 ## - GENERAL NOTE
General note same ISBN as of हिन्दु धर्म एवं हिन्दु धर्म के प्रणेता रामकृष्ण परमहंस व स्वामी विवेकानंद
942 ## - ADDED ENTRY ELEMENTS (KOHA)
Source of classification or shelving scheme Dewey Decimal Classification
Item type English Books
Classification part 332.1068
Call number suffix ASH
Holdings
Withdrawn status Lost status Source of classification or shelving scheme Damaged status Not for loan Collection code Home library Current library Date acquired Source of acquisition Cost, normal purchase price Total Checkouts Full call number Barcode Date last seen Copy number Cost, replacement price Koha item type
    Dewey Decimal Classification   Not For Loan Non-fiction D.B.Act.Division D.B.Act.Division 04/06/2012 DBAD/PUB 750.00   332.1068 ASH EN-88939 04/06/2012 1 750.00 English Books

© Delhi Public Library
Hit Counter
free hit counter